00739nam a2200193 a 450000100100000000500170001000800410002704000250006808200200009310000240011324501060013725000110024326000430025430000210029750000430031870000430036195201240040499900170052800003669620200930075859.0120125s1965 cl 000 0 spa d aDO-SdBNPbspacBNPHU axxxbJ75h, 19651 aJoly, Eugene96298813aEl hermoso riesgo de la fe :bmeditaciones /cEugene Joly ; traducción de Jesús Sánchez Díaz. a2a ed. aBogotá :bEdiciones Paulinas,c1965. a229 p. ;c17 cm. aIncluye notas al pie de las páginas.1 aSánchez Díaz, Jesús,etr.962989 001054708MOaGRbGRcCTd2012-01-25iLF2l0oxxx J75h, 1965p36696-10r2020-06-25w2020-06-25y4ZPréstamo en sala c36187d36187